| 000 | 01105nam a2200253 a 4500 | ||
|---|---|---|---|
| 005 | 20210223130729.0 | ||
| 008 | 081013s1994 mx r 000 0 spa d | ||
| 035 | _aUPN01000163419 | ||
| 049 | _aUNE | ||
| 080 | _a376.74 (84) LOP No.32 | ||
| 100 | 1 |
_aLópez, Luis Enrique _930819 |
|
| 245 | 1 | 0 |
_aEducación bilingüe intercultural y formación de recursos humanos : _blecciones para Bolivia desde la experiencia latinoamericana / _cLuis Enrique López. |
| 260 |
_aParís : _bUNESCO; _aGinebra : _bOIE, _c1994. |
||
| 300 | _a37 p. | ||
| 440 | 0 | _aDocumentos sobre la formación de maestros y la educación mu | |
| 500 | _aIncluye bibliografía | ||
| 690 | _aFormacion de docentes- Multiculturalismo | ||
| 690 | _aEducacion intercultural- Formacion de docentes | ||
| 690 | _aBolivia- Educacion intercultural- Formacion de docentes | ||
| 710 | 2 | _aUNESCO | |
| 710 | 2 | _aOIE. Oficina Internacional de Educación | |
| 710 | 2 | _aProject "Basic Education for participation and Democracy : Key Issues in Human Resources Development" (Teachers and Multicultural/Intercultural Education) | |
| 905 | _aUNESCO | ||
| 999 |
_c135532 _d135532 |
||